Most Similar Countries with Exceptions - Statistics

General Stats
  • This quiz has been taken 60 times
  • The average score is 17 of 39
Answer Stats
Country # Country % Correct
Canada 6 United Kingdom
92%
Canada 2 Australia
82%
Canada 3 New Zealand
78%
Cape Verde 1 Brazil
71%
Thailand 19 Brazil
71%
Nigeria 47 India
65%
Poland 38 Argentina
61%
Cape Verde 7 Mexico
59%
Cape Verde 5 Portugal
57%
Israel 3 Italy
55%
Poland 36 Chile
53%
Thailand 21 Colombia
53%
Uzbekistan 9 Egypt
53%
Canada 4 Sweden
53%
Israel 2 Greece
51%
Canada 5 Norway
51%
Uzbekistan 14 Algeria
45%
Israel 1 Tunisia
43%
Uzbekistan 18 Tunisia
43%
Cape Verde 4 Dominican Republic
39%
Suriname 5 Dominican Republic
39%
Nigeria 46 Guyana
39%
Suriname 6 Panama
37%
Poland 39 Uruguay
37%
Uzbekistan 16 Belarus
35%
Nigeria 38 Haiti
35%
Suriname 4 Belize
31%
Poland 40 Georgia
29%
Nigeria 43 Philippines
29%
Suriname 2 Trinidad and Tobago
29%
Poland 41 Armenia
27%
Israel 8 Croatia
27%
Nigeria 48 Jamaica
27%
Suriname 7 Jamaica
27%
Uzbekistan 15 Moldova
27%
Thailand 22 Fiji
20%
Thailand 15 Mauritius
18%
Israel 7 Montenegro
16%
Thailand 24 Samoa
8%
No matching quizzes found
Score Distribution
Percent of People with Each Score
Percentile by Number Answered
Your Score History
You have not taken this quiz